Diccionario existencial cristiano

Shranjeno v:
Bibliografske podrobnosti
Glavni avtor: Andrés, Rafael de (Author)
Format: Knjiga
Jezik:španščina
Izdano: Estella Verbo Divino 2004
Teme:
Oznake: Označite
Brez oznak, prvi označite!

MARC

LEADER 00000nam a2200000 a 4500
001 UCK3145
003 CL-VaPUC
008 050415e20040000SP |||||||||||||||||spa|d
020 |a 8481696382 
082 0 4 |a 230.03  |b AND  |2 21 
100 0 |a Andrés, Rafael de  |e author  |9 491125 
245 1 0 |a Diccionario existencial cristiano 
300 |a 514 p 
942 |c BK 
945 |d 20050415 00:00:00  |a cmena 
260 |a Estella  |b Verbo Divino  |c 2004 
650 0 |a Teología cristiana  |9 308336 
650 0 |a Diccionarios  |9 256200 
650 0 |a Cristianismo  |9 257361 
583 |a last modification  |c 20050415 00:00:00  |k Rodrigo Vera 
999 |c 312412  |d 312410 
952 |0 0  |1 0  |4 0  |6 230_030000000000000_AND_2004  |7 0  |8 F  |9 382760  |a BIBTEO  |b BIBTEO  |d 2019-11-21  |i 4104331  |o 230.03 AND 2004  |p 4104331  |r 2025-01-17  |w 2019-11-21  |y BK_F  |k ICR